Counties That Voted For Trump and Harris The Most - Statistics

General Stats
  • This quiz has been taken 21 times
  • The average score is 8 of 20
Answer Stats
T/H % State (or DC) County % Correct
Harris 90.28 DC District of Columbia
100%
Harris 85.9 Maryland Prince George's
70%
Harris 84.55 Maryland Baltimore (City)
65%
Harris 83.33 Hawaii Kalawao
50%
Harris 83.62 Georgia Clayton
40%
Trump 95.56 Texas King
40%
Harris 83.83 South Dakota Oglala Lakota
40%
Harris 85.52 Virginia Petersburg
40%
Trump 95.63 Texas Roberts
40%
Harris 82.94 Virginia Charlottesville
35%
Trump 94.5 Montana Garfield
30%
Trump 95.9 Nebraska Grant
30%
Harris 82.66 Mississippi Jefferson
30%
Harris 83.31 Mississippi Claiborne
25%
Trump 93.97 Texas Glasscock
25%
Trump 95.55 Nebraska Hayes
25%
Trump 95.61 Texas Borden
20%
Trump 94.01 Nebraska McPherson
20%
Trump 94.15 Texas Motley
20%
Trump 93.59 Texas Sherman
20%
No matching quizzes found
Score Distribution
Percent of People with Each Score
Percentile by Number Answered
Your Score History
You have not taken this quiz